| 000 | 00760nam a2200253 i 4500 | ||
|---|---|---|---|
| 001 | 000046285 | ||
| 003 | DO-SdBNP | ||
| 005 | 20230515135917.0 | ||
| 007 | ta | ||
| 008 | 110303s1971 dr 000 0 spa d | ||
| 040 |
_aDO-SdBNP _bspa _cBNPHU _erda |
||
| 082 |
_a515.1 _bC144 _222 |
||
| 245 | 1 | 0 |
_aEl cálculo en la vida diaria : _bsegundo curso especialmente adaptado para la República Dominicana |
| 250 | _a2 da. edición | ||
| 264 |
_aMadrid : _bEdiciones S.M, _c1971. |
||
| 300 |
_a147 paginas. : _bilustraciones ; _c25 cm. |
||
| 336 |
_2rdacontent _atexto _btxt |
||
| 337 |
_2rdamedia _asin mediación _bn |
||
| 338 |
_2rdacarrier _avolumen _bnc |
||
| 590 | _ainventariado, 2023 / DG | ||
| 650 | 4 |
_aCálculo _961716 |
|
| 910 | _aDG | ||
| 942 |
_2ddc _cLBS1 |
||
| 999 |
_c53514 _d53514 |
||